[Event "11th Dubai Open 2009"]
[Site "Dubai"]
[Date "2009.04.26"]
[Round "?"]
[White "Guseinov Gadir"]
[Black "Melnikova Yana"]
[Result "1-0"]
[WhiteElo "2659"]
[BlackElo "2264"]
[PlyCount "73"]
[EventDate "2009.04.26"]

1. e4 c5 2. Nc3 Nc6 3. Nf3 d6 4. d4 cxd4 5. Nxd4 Nf6 6. Bg5 e6 7. Qd2 Qb6 8.
Bxf6 gxf6 9. Nb3 Bd7 10. O-O-O h5 11. f4 a6 12. Be2 O-O-O 13. Rhf1 Be7 14. Rf3
Rdg8 15. Bf1 Rg4 16. Qe1 Kb8 17. Kb1 h4 18. h3 Rgg8 19. Nd5 exd5 20. exd5 Ne5
21. fxe5 dxe5 22. Na5 Bd8 23. Nc6+ Bxc6 24. dxc6 Qxc6 25. Bd3 Qa4 26. Be4 Ba5
27. Qe2 Rd8 28. Bd5 Rd7 29. Ra3 Qb4 30. Rb3 Qd6 31. Rxb7+ Rxb7 32. Bxb7 Qb6 33.
Bf3 Bc3 34. b3 f5 35. Qd3 Qc5 36. Qxa6 e4 37. Rd7 1-0

[Event "11th Dubai Open 2009"]
[Site "Dubai"]
[Date "2009.04.26"]
[Round "?"]
[White "Khojayan Vardan"]
[Black "Aleksandrov Aleksej"]
[Result "0-1"]
[WhiteElo "2261"]
[BlackElo "2624"]
[PlyCount "118"]
[EventDate "2009.04.26"]
[WhiteTeam "Armenien"]
[BlackTeam "Belarus"]
[WhiteTeamCountry "ARM"]
[BlackTeamCountry "BLR"]

1. d4 Nf6 2. Nf3 e6 3. c4 d5 4. Nc3 Bb4 5. cxd5 exd5 6. Qa4+ Nc6 7. Bg5 h6 8.
Bxf6 Qxf6 9. Rc1 O-O 10. e3 Qg6 11. Qd1 Rd8 12. a3 Bf8 13. Nh4 Qf6 14. Nf3 Ne7
15. Be2 c6 16. O-O Nf5 17. b4 a5 18. Qb3 Qe7 19. Rb1 b5 20. Ne5 Ra6 21. Qc2
axb4 22. axb4 Qa7 23. Nd1 Qa8 24. Rc1 Nd6 25. Bd3 Bd7 26. f4 Be8 27. Nf2 Nc4
28. Nfg4 Ra2 29. Bh7+ Kh8 30. Qf5 Ra7 31. Rf3 Qc8 32. Qc2 Rd6 33. Bf5 Qa8 34.
Qf2 Ra1 35. Bb1 f5 36. Nxc4 bxc4 37. Ne5 Rf6 38. g4 fxg4 39. Nxg4 Rg6 40. Rg3
h5 41. Ne5 Rh6 42. Qc2 Qa3 43. Rf1 Qxb4 44. Ng6+ Kg8 45. Nh4 Qb3 46. Qf5 c3 47.
Bc2 Rxf1+ 48. Kxf1 Qb7 49. Qg5 Qb2 50. Qf5 Qc1+ 51. Kg2 Qd2+ 52. Kf3 Qe1 53.
Qd3 Bd7 54. f5 Bd6 55. Ng2 Qh1 56. Rg5 h4 57. Ke2 h3 58. f6 hxg2 59. Rxg7+ Kf8
0-1

[Event "11th Dubai Open 2009"]
[Site "Dubai"]
[Date "2009.04.26"]
[Round "?"]
[White "Mamedjarova Turkan"]
[Black "Fedorov Alexei"]
[Result "0-1"]
[WhiteElo "2255"]
[BlackElo "2611"]
[PlyCount "116"]
[EventDate "2009.04.26"]
[WhiteTeam "Aserbeidschan"]
[BlackTeam "Belarus"]
[WhiteTeamCountry "AZE"]
[BlackTeamCountry "BLR"]

1. Nf3 Nf6 2. g3 g6 3. Bg2 Bg7 4. O-O O-O 5. c4 d6 6. Nc3 a6 7. d4 Nc6 8. d5
Na5 9. Qd3 c5 10. h3 b5 11. cxb5 axb5 12. Qxb5 Ba6 13. Qa4 Nc4 14. Qc2 Qa5 15.
Rd1 Rfb8 16. Nd2 Qb4 17. Rb1 Nxd2 18. Bxd2 Bc8 19. a3 Qb3 20. Qd3 Nd7 21. f4
Nb6 22. Ne4 Na4 23. Qxb3 Rxb3 24. Bc3 Bf5 25. Bxg7 Kxg7 26. Rd3 Rxb2 27. Rxb2
Nxb2 28. Rc3 Nd1 29. Rd3 Nb2 30. Rc3 Ra4 31. Nd2 Nd1 32. Rc1 Ne3 33. Rc3 Nxg2
34. Kxg2 Rd4 35. Nb3 Be4+ 36. Kf2 Ra4 37. Nd2 Bxd5 38. Rd3 Be6 39. h4 f5 40.
Nf3 Bc4 41. Re3 Kf6 42. Rc3 Bd5 43. Ne1 Be4 44. Nf3 h6 45. Nd2 Bd5 46. e3 g5
47. hxg5+ hxg5 48. Nf1 Ra8 49. Nd2 Rh8 50. Nf1 Rb8 51. Nd2 Rb2 52. Ke1 g4 53.
Rd3 Bf3 54. Rc3 Ke6 55. Rd3 Ra2 56. Rc3 Ra1+ 57. Kf2 Bd5 58. Rd3 Rc1 0-1

[Event "11th Dubai Open 2009"]
[Site "Dubai"]
[Date "2009.04.26"]
[Round "?"]
[White "Iordachescu Viorel"]
[Black "Grover Sahaj"]
[Result "0-1"]
[WhiteElo "2608"]
[BlackElo "2234"]
[PlyCount "116"]
[EventDate "2009.04.26"]
[WhiteTeam "Azerbaiyán"]
[BlackTeam "Bielorusia"]
[WhiteTeamCountry "AZE"]
[BlackTeamCountry "BLR"]

1. e4 e5 2. Nf3 Nc6 3. Bb5 f5 4. Bxc6 dxc6 5. d3 Nf6 6. Qe2 Bd6 7. Nbd2 O-O 8.
h3 Qe8 9. b3 fxe4 10. dxe4 Nh5 11. g3 Nf6 12. Bb2 b6 13. Nc4 c5 14. Nfd2 Bb7
15. h4 b5 16. Na3 c4 17. bxc4 b4 18. Nb5 Qc6 19. Nxd6 cxd6 20. f3 Rac8 21. a3
a5 22. axb4 axb4 23. O-O Ba6 24. Rf2 Rc7 25. Qd3 Kh8 26. Kg2 Nd7 27. Qe3 Bxc4
28. Nxc4 Qxc4 29. Rd1 Qe6 30. Qd2 Nb6 31. Qxb4 Nc4 32. Bc1 Qf7 33. Rd5 Rfc8 34.
Rb5 h6 35. g4 Kh7 36. Qb3 Ra8 37. Rb8 Rxb8 38. Qxb8 Rb7 39. Qc8 Rb1 40. Rf1 Ra1
41. Qf5+ Qxf5 42. exf5 Ra2 43. Rf2 Ra1 44. Bd2 Rd1 45. Bb4 d5 46. Re2 d4 47.
Kf2 Rb1 48. Be7 Ne3 49. Bd6 Rb5 50. c4 Nxc4 51. Be7 d3 52. Ra2 d2 53. Ke2 Rd5
54. Ra1 Nb2 55. Rd1 Nxd1 56. Kxd1 Rd3 57. f6 Rxf3 58. fxg7 Rd3 0-1

[Event "11th Dubai Open 2009"]
[Site "Dubai"]
[Date "2009.04.26"]
[Round "?"]
[White "Safarli Eltaj"]
[Black "Iihomzoda Ikrom"]
[Result "1-0"]
[WhiteElo "2599"]
[BlackElo "2222"]
[PlyCount "67"]
[EventDate "2009.04.26"]
[WhiteTeam "Azerbaiyán"]
[BlackTeam "Rusia"]
[WhiteTeamCountry "AZE"]
[BlackTeamCountry "RUS"]

1. e4 e5 2. Nf3 Qe7 3. Nc3 c6 4. g3 g6 5. Bg2 d6 6. O-O Nh6 7. h3 f6 8. d4 Nf7
9. a4 a5 10. b3 Qc7 11. Ba3 Be7 12. Nd2 Be6 13. Ne2 d5 14. Bxe7 Qxe7 15. c4
dxe4 16. Nxe4 O-O 17. d5 Bf5 18. N4c3 c5 19. Nb5 Nd6 20. Nxd6 Qxd6 21. Nc3 Na6
22. Nb5 Qd8 23. d6 Rb8 24. f4 exf4 25. Rxf4 Qd7 26. g4 Be6 27. Qd2 b6 28. Re1
Rbe8 29. Rfe4 Kg7 30. Qe3 Bf7 31. Re7 Rxe7 32. dxe7 Re8 33. g5 fxg5 34. Qe5+
1-0

[Event "11th Dubai Open 2009"]
[Site "Dubai"]
[Date "2009.04.26"]
[Round "?"]
[White "Tscharotschkin Michael"]
[Black "Volkov Sergey"]
[Result "0-1"]
[WhiteElo "2209"]
[BlackElo "2594"]
[PlyCount "50"]
[EventDate "2009.04.26"]
[WhiteTeam "Deutschland"]
[BlackTeam "Russland"]
[WhiteTeamCountry "GER"]
[BlackTeamCountry "RUS"]

1. e4 {01:30:56} e6 {01:31:21} 2. d4 {01:31:03} d5 {01:31:42} 3. Nd2 {01:31:24}
c5 {01:32:02} 4. c3 {01:30:28} cxd4 {01:31:42} 5. cxd4 {01:30:34} dxe4 {01:32:
05} 6. Nxe4 {01:30:17} Bb4+ {01:32:28} 7. Nc3 {01:29:04} Nf6 {01:31:46} 8. Nf3
{01:28:45} O-O {01:31:59} 9. Bd3 {01:28:39} b6 {01:31:17} 10. O-O {01:28:03}
Bb7 {01:31:34} 11. Qe2 {01:27:02} Nc6 {01:31:01} 12. Rd1 {01:27:01} Ne7 {01:29:
08} 13. Bg5 {01:26:18} Ng6 {01:29:01} 14. h4 {01:18:32} Be7 {01:27:49} 15. Ne5
{01:11:16} Nd5 {01:26:10} 16. Nxg6 {01:08:11} hxg6 {01:24:17} 17. Bxe7 {00:57:
03} Qxe7 {01:23:36} 18. Nxd5 {00:53:11} Bxd5 {01:23:03} 19. Qg4 {00:51:01} Rad8
{01:18:34} 20. h5 {00:50:33} g5 {01:17:45} 21. f4 {00:49:15} gxf4 {01:15:28}
22. Rf1 {00:43:42} f3 {01:13:22} 23. gxf3 {00:42:23} Qf6 {01:12:00} 24. b3 {00:
37:42} Bb7 {01:09:17} 25. Rad1 {00:24:43} Rd5 {01:08:49} 0-1

[Event "11th Dubai Open 2009"]
[Site "Dubai"]
[Date "2009.04.26"]
[Round "?"]
[White "Ghaem Maghami Ehsan"]
[Black "Dargan Paul A G"]
[Result "1-0"]
[WhiteElo "2593"]
[BlackElo "2206"]
[PlyCount "82"]
[EventDate "2009.04.26"]
[WhiteTeam "Alemania"]
[BlackTeam "Rusia"]
[WhiteTeamCountry "GER"]
[BlackTeamCountry "RUS"]

1. c4 c5 2. Nf3 Nc6 3. Nc3 Nf6 4. d4 cxd4 5. Nxd4 g6 6. e4 Bg7 7. Be3 O-O 8.
Be2 d6 9. O-O Bd7 10. Nb3 a5 11. Nd2 Bc8 12. f4 Nd7 13. f5 Bd4 14. Bxd4 Nxd4
15. Nb3 Nxb3 16. axb3 Nc5 17. b4 axb4 18. Rxa8 bxc3 19. bxc3 Nxe4 20. Qd4 Nf6
21. fxg6 hxg6 22. c5 d5 23. c4 dxc4 24. Qxd8 Rxd8 25. Bxc4 Kg7 26. Re1 e6 27.
Be2 Rg8 28. Rd1 Ne4 29. Rc1 Bd7 30. Rxg8+ Kxg8 31. Bf3 Bc6 32. Bxe4 Bxe4 33.
Re1 Bd5 34. h4 f5 35. g4 Kf7 36. Kf2 fxg4 37. Kg3 Bc4 38. Kxg4 Ke7 39. Kg5 Bd3
40. Rd1 Bf5 41. Rd2 Ke8 1-0

[Event "11th Dubai Open 2009"]
[Site "Dubai"]
[Date "2009.04.26"]
[Round "?"]
[White "Al Mohayri Sabri M"]
[Black "Gagunashvili Merab"]
[Result "0-1"]
[WhiteElo "2190"]
[BlackElo "2591"]
[PlyCount "84"]
[EventDate "2009.04.26"]
[WhiteTeam "Syrien"]
[BlackTeam "Georgien"]
[WhiteTeamCountry "SYR"]
[BlackTeamCountry "GEO"]

1. e4 d6 2. d4 Nf6 3. Bd3 g6 4. Nf3 Bg7 5. O-O O-O 6. Re1 Nc6 7. c3 e5 8. dxe5
dxe5 9. Qc2 Nh5 10. Bg5 Bf6 11. Be3 Bg7 12. Rd1 h6 13. Nbd2 Qf6 14. Bf1 Be6 15.
Ne1 Rad8 16. Nb3 b6 17. Nd3 Qh4 18. Re1 f5 19. f3 fxe4 20. fxe4 Nf4 21. Nf2 Qe7
22. Nd2 Kh7 23. Qa4 Bd7 24. Qc2 h5 25. Rad1 Bh6 26. Nf3 g5 27. g3 Ng6 28. Bg2
g4 29. Bxh6 Kxh6 30. Nd2 Rxf2 31. Kxf2 Qc5+ 32. Kf1 Rf8+ 33. Nf3 Be6 34. Qc1+
Kg7 35. Re3 gxf3 36. Bxf3 Bh3+ 37. Ke2 Qc4+ 38. Red3 Bg4 39. Bxg4 Qxe4+ 40. Re3
Qxg4+ 41. Ke1 Qh3 42. Ke2 Qg2+ 0-1

[Event "11th Dubai Open 2009"]
[Site "Dubai"]
[Date "2009.04.26"]
[Round "?"]
[White "Kotsur Pavel"]
[Black "Tabada Jobannie C"]
[Result "1-0"]
[WhiteElo "2589"]
[BlackElo "2186"]
[PlyCount "133"]
[EventDate "2009.04.26"]
[WhiteTeam "Siria"]
[BlackTeam "Georgia"]
[WhiteTeamCountry "SYR"]
[BlackTeamCountry "GEO"]

1. e4 c5 2. Nf3 d6 3. d4 cxd4 4. Nxd4 Nf6 5. f3 e5 6. Nb3 d5 7. Bg5 Be6 8. Bxf6
gxf6 9. exd5 Qxd5 10. Qxd5 Bxd5 11. Nc3 Bb4 12. O-O-O Bxb3 13. axb3 Bxc3 14.
bxc3 Ke7 15. Bd3 Nc6 16. Rd2 h6 17. Re1 Rhd8 18. Rde2 Kf8 19. Re4 Rac8 20. Kb2
Rc7 21. Rh4 Kg7 22. Re3 Ne7 23. f4 exf4 24. Rxf4 Ng6 25. Rf2 Re7 26. Ref3 Rd6
27. c4 Re5 28. Bf5 b6 29. Rd3 Rc6 30. Rd7 Re7 31. Rfd2 Rc7 32. R7d6 Ne5 33.
R2d4 Rc5 34. R6d5 Rcc7 35. Rf4 Ng6 36. Rf2 Nf8 37. Rf3 Re2 38. Rg3+ Ng6 39. h4
h5 40. Bd3 Re5 41. Rxe5 fxe5 42. Rg5 Re7 43. Be4 Kh6 44. g3 Re6 45. Bf3 e4 46.
Bxh5 Ne5 47. Rf5 f6 48. Kc3 Rd6 49. Be2 Kg6 50. g4 Nc6 51. Rd5 Re6 52. b4 a5
53. b5 Nb4 54. Rf5 Rd6 55. h5+ Kg7 56. c5 bxc5 57. Rxc5 Nd5+ 58. Kd4 Nb6+ 59.
Kxe4 Re6+ 60. Kf3 a4 61. Rc7+ Kh6 62. c4 Kg5 63. Rg7+ Kh6 64. Ra7 Kg5 65. Bd3
Re5 66. Rg7+ Kh4 67. h6 1-0

[Event "11th Dubai Open 2009"]
[Site "Dubai"]
[Date "2009.04.26"]
[Round "?"]
[White "De Peyer Nick J"]
[Black "Mchedlishvili Mikheil"]
[Result "0-1"]
[WhiteElo "2179"]
[BlackElo "2586"]
[PlyCount "56"]
[EventDate "2009.04.26"]
[WhiteTeam "England"]
[BlackTeam "Georgien"]
[WhiteTeamCountry "ENG"]
[BlackTeamCountry "GEO"]

1. d4 Nf6 2. Nf3 g6 3. Bg5 Bg7 4. Nbd2 O-O 5. e4 d5 6. e5 Ne4 7. Bd3 Nxg5 8.
Nxg5 c5 9. c3 cxd4 10. cxd4 Qb6 11. Nb3 Nc6 12. O-O Nxd4 13. Nxd4 Qxd4 14. Nxh7
Rd8 15. Ng5 Qxe5 16. f4 Qd4+ 17. Kh1 Bf5 18. Rf3 Bg4 19. f5 gxf5 20. h3 Bxf3
21. Qxf3 Qf6 22. h4 e6 23. Rf1 Bh6 24. Qh3 Bxg5 25. Bxf5 exf5 26. Rxf5 Bxh4 27.
Qf3 Qg6 28. Rh5 Bf6 0-1

[Event "11th Dubai Open 2009"]
[Site "Dubai"]
[Date "2009.04.26"]
[Round "?"]
[White "Turov Maxim"]
[Black "Partac Elena"]
[Result "1-0"]
[WhiteElo "2582"]
[BlackElo "2171"]
[PlyCount "77"]
[EventDate "2009.04.26"]
[WhiteTeam "Inglaterra"]
[BlackTeam "Georgia"]
[WhiteTeamCountry "ENG"]
[BlackTeamCountry "GEO"]

1. d4 Nf6 2. c4 e6 3. Nc3 Bb4 4. Bg5 O-O 5. Qc2 d6 6. e3 Nbd7 7. Bd3 h6 8. Bh4
Bxc3+ 9. Qxc3 b6 10. Ne2 Bb7 11. O-O c5 12. f3 Qe7 13. Rfd1 Rfe8 14. dxc5 bxc5
15. Bc2 Rad8 16. Ba4 Rf8 17. Rd2 Ne5 18. e4 Bc6 19. Bc2 Ng6 20. Bxf6 gxf6 21.
Rad1 Nh4 22. Qe3 Kg7 23. Qf4 Ng6 24. Qg3 d5 25. exd5 exd5 26. Bxg6 fxg6 27. Nf4
Qf7 28. cxd5 Bd7 29. Qf2 g5 30. Nd3 c4 31. Nc5 Bf5 32. Qd4 Rd6 33. Qxc4 Rc8 34.
Qd4 Rcd8 35. Qc4 a5 36. g4 Bc8 37. Ne4 Rb6 38. Qc5 Rb4 39. Qxa5 1-0

[Event "11th Dubai Open 2009"]
[Site "Dubai"]
[Date "2009.04.26"]
[Round "?"]
[White "Perunovic Milos"]
[Black "Ghader Pour Shayesteh"]
[Result "1-0"]
[WhiteElo "2580"]
[BlackElo "2156"]
[PlyCount "73"]
[EventDate "2009.04.26"]
[WhiteTeam "Emiratos Arabes Unidos"]
[BlackTeam "Georgia"]
[WhiteTeamCountry "UAE"]
[BlackTeamCountry "GEO"]

1. e4 e5 2. Nf3 Nc6 3. Bb5 a6 4. Ba4 Nf6 5. O-O Be7 6. d3 b5 7. Bb3 d6 8. a4
Bb7 9. Nc3 b4 10. Ne2 O-O 11. Ng3 Nd7 12. Be3 Nc5 13. Bd5 Ne6 14. c3 Rb8 15. a5
Qe8 16. Qd2 Bc8 17. Rfe1 Ned8 18. Bc4 Kh8 19. d4 bxc3 20. bxc3 Nb7 21. Bxa6
Nbxa5 22. Qe2 Bxa6 23. Qxa6 Nb3 24. Rab1 exd4 25. cxd4 Nca5 26. Nf5 Bf6 27. e5
dxe5 28. dxe5 Be7 29. Nxg7 Kxg7 30. Qh6+ Kh8 31. Ng5 Bxg5 32. Bxg5 f5 33. Bf6+
Rxf6 34. Qxf6+ Kg8 35. Re3 Rb4 36. Qxf5 Rb6 37. e6 1-0

[Event "11th Dubai Open 2009"]
[Site "Dubai"]
[Date "2009.04.26"]
[Round "?"]
[White "Tawfeik Moustafa"]
[Black "Miezis Normunds"]
[Result "0-1"]
[WhiteElo "2154"]
[BlackElo "2579"]
[PlyCount "76"]
[EventDate "2009.04.26"]
[WhiteTeam "Ägypten"]
[BlackTeam "Lettland"]
[WhiteTeamCountry "EGY"]
[BlackTeamCountry "LAT"]

1. Nf3 c5 2. b3 Nc6 3. Bb2 d6 4. d4 cxd4 5. Nxd4 Nf6 6. e3 g6 7. Bb5 Bd7 8.
Nxc6 bxc6 9. Bxf6 exf6 10. Bd3 f5 11. Nd2 Bg7 12. Rc1 Qa5 13. O-O Qxa2 14. e4
fxe4 15. Nxe4 Qa3 16. Bc4 d5 17. Bxd5 O-O 18. Bc4 Rad8 19. Qf3 Qe7 20. Rfe1
Rde8 21. Kf1 Kh8 22. Rcd1 Rd8 23. Nd6 Be6 24. Qxc6 Qh4 25. Bxe6 fxe6 26. g3 Qf6
27. Ne4 Qf3 28. Rxd8 Qh1+ 29. Ke2 Qf3+ 30. Kf1 Rxd8 31. Qxe6 Rf8 32. c3 Bxc3
33. Re3 Qh1+ 34. Ke2 Qe1+ 35. Kd3 Rd8+ 36. Kc4 Qf1+ 37. Kc5 Bd4+ 38. Kb4 Rb8+
0-1

[Event "11th Dubai Open 2009"]
[Site "Dubai"]
[Date "2009.04.27"]
[Round "2"]
[White "Sundararajan Kidambi"]
[Black "Guseinov Gadir"]
[Result "0-1"]
[WhiteElo "2487"]
[BlackElo "2659"]
[PlyCount "68"]
[EventDate "2009.04.26"]
[WhiteTeam "Indien"]
[BlackTeam "Aserbeidschan"]
[WhiteTeamCountry "IND"]
[BlackTeamCountry "AZE"]

1. d4 d6 2. Nf3 g6 3. c4 Bg7 4. Nc3 Nf6 5. e4 O-O 6. Be2 Bg4 7. Be3 Nfd7 8. d5
c5 9. O-O Na6 10. h3 Bxf3 11. Bxf3 Nc7 12. Qd2 e6 13. dxe6 Nxe6 14. Qxd6 Ne5
15. Qxd8 Rfxd8 16. Be2 Nd4 17. b3 Nec6 18. Bxd4 Bxd4 19. Rfc1 Bxc3 20. Rxc3 Rd2
21. Bf3 Ne5 22. a3 a5 23. Rb1 Ra2 24. Rd1 Rxa3 25. Rd5 Nc6 26. Rxc5 {Diagram #}
a4 27. Kh2 Na5 28. Rb5 Rxb3 29. Rcxb3 Nxb3 30. Bd1 Nd2 31. Bc2 a3 32. Bb1 a2
33. Bxa2 Rxa2 34. Rxb7 Nxe4 0-1

[Event "11th Dubai Open 2009"]
[Site "Dubai"]
[Date "2009.04.27"]
[Round "2"]
[White "Malakhatko Vadim"]
[Black "Kayumov Sergey"]
[Result "1-0"]
[WhiteElo "2618"]
[BlackElo "2450"]
[PlyCount "83"]
[EventDate "2009.04.26"]
[WhiteTeam "Belgien"]
[BlackTeam "Uzbekistan"]
[WhiteTeamCountry "BEL"]
[BlackTeamCountry "UZB"]

1. d4 Nf6 2. c4 d6 3. Nc3 Nbd7 4. e4 e5 5. Nge2 g6 6. f3 c6 7. Bg5 h6 8. Be3
Bg7 9. Qd2 a6 10. d5 c5 11. a3 Ng8 12. b4 b6 13. Nc1 h5 14. Be2 f5 15. Nd3 Qe7
16. Rb1 Bh6 17. bxc5 bxc5 18. Bxh6 Nxh6 19. Na4 Nf7 20. exf5 gxf5 21. f4 h4 22.
O-O e4 23. Ne1 h3 24. g3 e3 25. Qd3 O-O 26. Nc2 Re8 27. Rb3 Nf6 28. Nb6 Rb8 29.
Nxc8 Rexc8 30. Rfb1 Rxb3 31. Rxb3 Ne4 32. Nxe3 Qf6 33. Bf1 Re8 34. Bxh3 Nh6 35.
Bg2 Qa1+ 36. Rb1 Qa2 37. Bxe4 fxe4 38. Qb3 Qe2 39. Rb2 Qh5 40. Qa4 Rf8 41. Qd7
Nf7 42. Qg4+ 1-0

[Event "11th Dubai Open 2009"]
[Site "Dubai"]
[Date "2009.04.27"]
[Round "2"]
[White "Lalith Babu M R"]
[Black "Safarli Eltaj"]
[Result "1/2-1/2"]
[WhiteElo "2480"]
[BlackElo "2599"]
[PlyCount "39"]
[EventDate "2009.04.26"]
[WhiteTeam "Indien"]
[BlackTeam "Aserbeidschan"]
[WhiteTeamCountry "IND"]
[BlackTeamCountry "AZE"]

1. Nf3 Nf6 2. c4 c5 3. Nc3 e6 4. g3 d5 5. cxd5 Nxd5 6. Bg2 Nc6 7. O-O Be7 8. d4
O-O 9. Nxd5 exd5 10. dxc5 Bxc5 11. Bg5 Qd7 12. Qb3 h6 13. Bd2 Rd8 14. e3 Qe7
15. Bc3 Bf5 16. Nd4 Bxd4 17. Bxd4 Be4 18. Rfd1 Rac8 19. Bc3 b6 20. Rd2 1/2-1/2

[Event "11th Dubai Open 2009"]
[Site "Dubai"]
[Date "2009.04.27"]
[Round "2"]
[White "Volkov Sergey"]
[Black "Hirneise Tobias"]
[Result "1/2-1/2"]
[WhiteElo "2594"]
[BlackElo "2407"]
[PlyCount "69"]
[EventDate "2009.04.26"]
[WhiteTeam "Russland"]
[BlackTeam "Deutschland"]
[WhiteTeamCountry "RUS"]
[BlackTeamCountry "GER"]

1. d4 Nf6 2. c4 g6 3. Nc3 Bg7 4. e4 d6 5. Be2 O-O 6. Nf3 e5 7. Be3 Ng4 8. Bg5
f6 9. Bh4 g5 10. Bg3 Nh6 11. h3 exd4 12. Nxd4 Nc6 13. Nf5 Bxf5 14. exf5 Qd7 15.
Bg4 Rae8+ 16. Kf1 Ne5 17. Qd5+ Kh8 18. Bxe5 Rxe5 19. Qxb7 Nxf5 20. Nd5 Qa4 21.
Qb3 Qxb3 22. axb3 Nd4 23. Nxc7 Nxb3 24. Rd1 f5 25. Bh5 Re7 26. Nd5 Rb7 27. g4
Bxb2 28. gxf5 a5 29. Ne3 a4 30. Rxd6 a3 31. Ra6 Nc5 32. Ra5 Nb3 33. Ra6 Nc5 34.
Ra5 Nb3 35. Ra6 1/2-1/2

[Event "11th Dubai Open 2009"]
[Site "Dubai"]
[Date "2009.04.27"]
[Round "2"]
[White "Sengupta Deep"]
[Black "Ghaem Maghami Ehsan"]
[Result "1/2-1/2"]
[WhiteElo "2466"]
[BlackElo "2593"]
[PlyCount "28"]
[EventDate "2009.04.26"]
[WhiteTeam "Indien"]
[BlackTeam "Iran"]
[WhiteTeamCountry "IND"]
[BlackTeamCountry "IRI"]

1. e4 e5 2. Nf3 d6 3. d4 exd4 4. Nxd4 Nf6 5. Nc3 Be7 6. Nde2 c6 7. a4 O-O 8. g3
Na6 9. Bg2 Nb4 10. O-O d5 11. exd5 Nbxd5 12. Nxd5 Nxd5 13. Nf4 Nxf4 14. Bxf4
Qxd1 1/2-1/2

[Event "11th Dubai Open 2009"]
[Site "Dubai"]
[Date "2009.04.27"]
[Round "2"]
[White "Gagunashvili Merab"]
[Black "Turova Irina"]
[Result "0-1"]
[WhiteElo "2591"]
[BlackElo "2396"]
[PlyCount "48"]
[EventDate "2009.04.26"]
[WhiteTeam "Georgien"]
[BlackTeam "Russland"]
[WhiteTeamCountry "GEO"]
[BlackTeamCountry "RUS"]

1. d4 Nf6 2. c4 e6 3. Nc3 Bb4 4. Qc2 d5 5. cxd5 Qxd5 6. Nf3 Qf5 7. Qb3 Nc6 8.
Bd2 O-O 9. e3 Rd8 10. Be2 a6 11. Rd1 e5 12. Bc4 Qg6 13. dxe5 Ng4 14. Nd5 Bxd2+
15. Rxd2 Be6 16. Qxb7 Qb1+ 17. Rd1 Qc2 18. Nd2 {Diagram #} Na5 19. Qxc7 Bxd5
20. Qxa5 Bxc4 21. b3 Qf5 22. f3 Nxe3 23. Rc1 Bb5 24. Kf2 Ng4+ 0-1

[Event "11th Dubai Open 2009"]
[Site "Dubai"]
[Date "2009.04.27"]
[Round "2"]
[White "Sethuraman S P"]
[Black "Kotsur Pavel"]
[Result "0-1"]
[WhiteElo "2451"]
[BlackElo "2589"]
[PlyCount "112"]
[EventDate "2009.04.26"]
[WhiteTeam "Georgia"]
[BlackTeam "Rusia"]
[WhiteTeamCountry "GEO"]
[BlackTeamCountry "RUS"]

1. e4 c5 2. Nf3 e6 3. d4 cxd4 4. Nxd4 a6 5. Nc3 b5 6. Bd3 Qb6 7. Nf3 Nc6 8. O-O
Qb8 9. Re1 d6 10. a4 b4 11. Na2 Nf6 12. c3 bxc3 13. b4 Nxb4 14. Rb1 a5 15. Ba3
Be7 16. Nxb4 axb4 17. Rxb4 Qa7 18. Nd4 Bd7 19. Nb5 Qa5 20. Nxc3 O-O 21. Rb3
Rfb8 22. Bb5 Bxb5 23. axb5 Qc7 24. Qc1 Rb7 25. h3 Nd7 26. Ne2 Qb6 27. Qd2 Rba7
28. Bb2 Nc5 29. Rg3 g6 30. Nc3 Bf8 31. Qd4 Nd7 32. Ne2 e5 33. Qxb6 Nxb6 34. Nc3
Rc8 35. Rd3 Rc4 36. Bc1 Ra1 37. Red1 Nd7 38. Bb2 Ra5 39. Ra1 Rxa1+ 40. Bxa1 f5
41. exf5 gxf5 42. Rd1 Nb6 43. Bb2 Kf7 44. Ra1 Rb4 45. Ra6 Nc4 46. Ra4 Rxa4 47.
Nxa4 Ke6 48. Bc1 d5 49. Kf1 d4 50. Ke2 e4 51. Nb2 Nxb2 52. Bxb2 Bc5 53. f3 Kd5
54. g4 d3+ 55. Kd2 Kc4 56. gxf5 e3+ 0-1

[Event "11th Dubai Open 2009"]
[Site "Dubai"]
[Date "2009.04.27"]
[Round "2"]
[White "Mchedlishvili Mikheil"]
[Black "Lejlic Samir"]
[Result "1-0"]
[WhiteElo "2586"]
[BlackElo "2388"]
[PlyCount "93"]
[EventDate "2009.04.26"]
[WhiteTeam "Georgien"]
[BlackTeam "Schweden"]
[WhiteTeamCountry "GEO"]
[BlackTeamCountry "SWE"]

1. d4 d5 2. c4 Bf5 3. cxd5 Bxb1 4. Qa4+ Qd7 5. Qxd7+ Nxd7 6. Rxb1 Ngf6 7. Nf3
Nb6 8. g3 Nbxd5 9. Bg2 e6 10. O-O a5 11. Ne5 Be7 12. Nc4 b5 13. Ne5 c5 14. dxc5
Bxc5 15. Bg5 Rc8 16. Rbc1 Rc7 17. Bxf6 gxf6 18. Nd3 Bd6 19. Bxd5 exd5 20. Rxc7
Bxc7 21. Rc1 Kd7 22. Rc5 b4 23. Rxd5+ Ke6 24. Rc5 Kd6 25. Rh5 Ke6 26. Kg2 Be5
27. f4 Bc7 28. Kf3 f5 29. Nc5+ Kf6 30. Rh6+ Kg7 31. Rc6 Bb8 32. Nb3 Rd8 33.
Nxa5 Rd1 34. Nc4 Ba7 35. Nd6 Rf1+ 36. Kg2 Rf2+ 37. Kh3 h5 38. Nxf5+ Kh7 39. Rc7
Bb6 40. Rxf7+ Kg6 41. Rb7 Bc5 42. Rb5 Ba7 43. Re5 Bb8 44. Nh4+ Kf6 45. Rb5 Ba7
46. Rxb4 Rxe2 47. Rb5 1-0

[Event "11th Dubai Open 2009"]
[Site "Dubai"]
[Date "2009.04.27"]
[Round "2"]
[White "Al Qudaimi Basheer"]
[Black "Turov Maxim"]
[Result "1/2-1/2"]
[WhiteElo "2423"]
[BlackElo "2582"]
[PlyCount "60"]
[EventDate "2009.04.26"]
[WhiteTeam "Jemen"]
[BlackTeam "Russland"]
[WhiteTeamCountry "YEM"]
[BlackTeamCountry "RUS"]

1. e4 c5 2. Nf3 Nc6 3. d4 cxd4 4. Nxd4 e5 5. Nb5 a6 6. Nd6+ Bxd6 7. Qxd6 Qf6 8.
Qxf6 Nxf6 9. Nc3 Nb4 10. Bd3 d5 11. exd5 Nxd3+ 12. cxd3 Bf5 13. Bg5 Bxd3 14.
O-O-O Bg6 15. f4 Nd7 16. fxe5 Nxe5 17. Rhe1 f6 18. Bf4 Kd7 19. Bxe5 fxe5 20.
Rxe5 Rhe8 21. Rde1 Rxe5 22. Rxe5 Rc8 23. Kd2 Rc4 24. g3 Rb4 25. Kc1 Rd4 26. Rg5
Ke7 27. Re5+ Kd7 28. Rg5 Ke7 29. Re5+ Kd7 30. Re3 Bf7 1/2-1/2

[Event "11th Dubai Open 2009"]
[Site "Dubai"]
[Date "2009.04.27"]
[Round "2"]
[White "Pantsulaia Levan"]
[Black "Zozulia Anna"]
[Result "1-0"]
[WhiteElo "2581"]
[BlackElo "2371"]
[PlyCount "79"]
[EventDate "2009.04.26"]
[WhiteTeam "Georgien"]
[BlackTeam "Belgien"]
[WhiteTeamCountry "GEO"]
[BlackTeamCountry "BEL"]

1. d4 Nf6 2. Nf3 g6 3. c4 Bg7 4. g3 O-O 5. Bg2 d6 6. Nc3 Nbd7 7. O-O e5 8. h3
exd4 9. Nxd4 Nb6 10. b3 c5 11. Nc2 Be6 12. e4 Qd7 13. Kh2 Ng4+ 14. hxg4 Bxc3
15. Bh6 Bxg4 16. f3 Be6 17. Bxf8 Bxa1 18. Bxd6 Rd8 19. Qxa1 Qxd6 20. Ne3 Qd4
21. Nd5 Qxa1 22. Rxa1 Kg7 23. f4 f6 24. Re1 Kf7 25. Kg1 Rd7 26. Rd1 Nc8 27. Kf2
Ne7 28. Ke3 Nc6 29. Rd2 Rd8 30. Rf2 Ne7 31. Nc3 Nc6 32. e5 Nd4 33. Bd5 Nf5+ 34.
Kf3 fxe5 35. fxe5 h5 36. Kf4 b6 37. Kg5 Ke7 38. Rf3 Rh8 39. Ne2 h4 40. Nf4 1-0

[Event "11th Dubai Open 2009"]
[Site "Dubai"]
[Date "2009.04.27"]
[Round "2"]
[White "Girinath P D S"]
[Black "Perunovic Milos"]
[Result "0-1"]
[WhiteElo "2404"]
[BlackElo "2580"]
[PlyCount "84"]
[EventDate "2009.04.26"]
[WhiteTeam "Indien"]
[BlackTeam "SRB"]
[WhiteTeamCountry "IND"]

1. e4 c5 2. Nf3 e6 3. d3 Nc6 4. g3 d5 5. Qe2 Nf6 6. Bg2 Be7 7. O-O O-O 8. e5
Ne8 9. c4 Nc7 10. Nc3 Rb8 11. a4 a6 12. a5 b5 13. axb6 Rxb6 14. Na4 Rb8 15. Be3
d4 16. Bg5 f6 17. exf6 gxf6 18. Bh6 Rf7 19. Nd2 Ne5 20. Ne4 Nd7 21. Qh5 e5 22.
f4 Ne6 23. f5 Ng7 24. Qe2 Bb7 25. g4 Kh8 26. Rf2 Qc7 27. h4 Rg8 28. Kh1 Ne8 29.
Rg1 Bf8 30. Bd2 Nd6 31. b3 Be7 32. Kh2 Rfg7 33. Nxd6 Bxd6 34. Be4 Qb8 35. g5
Bxe4 36. Qxe4 Qxb3 37. Qc6 Bb8 38. Nxc5 Nxc5 39. Qxc5 Qxd3 40. Qd5 {Diagram #}
e4+ 41. Bf4 Bxf4+ 42. Rxf4 Qd2+ 0-1